LEADER 01209nam a2200289 i 4500 001 000000150145 003 CaOOAMICUS 005 20060510000000.0 008 060510s1959 it u000 u ita u 013 $a127483 040 $aSeMil$bita 100 1 $aDickens, Charles,$d<1812-1870>.$0(OLS)http://semarc/name/6853 240 10$aChristmas books.$0(OLS)http://semarc/title/219559 245 10$a5 Racconti di Natale /$cCharles Dickens. 260 $aRoma :$bCasini,$c1959. 300 $aVII, 445 :$bill. ;$c23 cm. 490 0 $aI grandi maestri illustrati ;$v2 500 $aFondo Ciprandi. 650 4$aNatale - Racconti.$0(OLS)http://semarc/subject/19662 773 0 $aDickens, Charles, <1812-1870>$tOpere complete di Charles Dickens.$dRoma : Gherardo Casini, [19--]?.$kGrandi maestri illustrati$g3$w()14624 830 2$aI grandi maestri illustrati ;$v2.$0(OLS)http://semarc/title/19403 850 $aSeMil 852 $aSeMil$W1$xVenegono$y1$m1W IV 295/3$j102310$B102310$CSeMilBibl$Z2$F111019 $81 941 1 $a1 961 $aOmaggio: Ciprandi dott. Paolo 996 $6245$a5 Racconti di Natale$9(OLS)http://semarc/title/219558 996 $6260$aRoma :$bCasini$9(OLS)http://semarc/publisher/33129 LEADER 01202nam a2200253 4500 001 000000346249 003 CaOOAMICUS 005 20210526101909.0 008 210526s2020 it 000 u ita r 020 $a978-88-93142-57-1 040 $aSeMil$bita 100 1 $aGaraventa, Roberto,$d<1951- >.$0(OLS)http://semarc/name/11093 245 13$aLa religione deve trovare rifugio nella filosofia? :$bsaggi sulla filosofia della religione di Hegel /$cRoberto Garaventa. 264 1$aNapoli ; Salerno :$bOrthotes,$c2020. 300 $a162 p. ;$c21 cm 490 1 $aGermanica ;$v32 650 4$aHegel, Georg Wilhelm Friedrich <1770-1831> - Filosofia della religione.$0(OLS)http://semarc/subject/14383 830 0$aGermanica ;$v32.$0(OLS)http://semarc/title/10551 850 $aSeMil 852 $aSeMil$W1$xVenegono$y1$m2P VII 449$j226532$B237315$CSeMilBibl$Z2$F237315 $81 996 $6020$a978-88-93142-57-1$9(OLS)http://semarc/number/293310 996 $6245$aLa religione deve trovare rifugio nella filosofia? :$bsaggi sulla filosofia della religione di Hegel$9(OLS)http://semarc/title/435450 996 $6264$aNapoli ; Salerno :$bOrthotes$9(OLS)http://semarc/publisher/36340